Kamus dwibahasa : bahasa Inggeris-bahasa Malaysia

Bibliographic Details
Corporate Author: Dewan Bahasa dan Pustaka
Format: Book
Language:English
Published: Kuala Lumpur : Dewan Bahasa dan Pustaka 1979
Subjects:

MARC

LEADER 00000cam a2200000 7i4500
001 0000014740
005 20240918.0
008 040828 my eng
020 |a 9836224688 (hbk) 
040 |a INS   |b eng   |e rda 
090 0 0 |a RPL5125   |b .K36 1979 
245 0 0 |a Kamus dwibahasa :   |b bahasa Inggeris-bahasa Malaysia 
264 1 |a Kuala Lumpur :   |b Dewan Bahasa dan Pustaka   |c 1979 
300 |a xiii, 1457 pages ;   |c 23 cm. 
336 |a text  |2 rdacontent 
337 |a unmediated  |2 rdamedia 
338 |a volume  |2 rdacarrier 
650 0 |a English language   |x Dictionaries   |x Malay 
650 0 |a Malay language   |x Dictionaries   |x English language 
710 2 |a Dewan Bahasa dan Pustaka 
999 |a 0000004784   |b BOOK   |c Red Spot   |e Default branch 
999 |a 0000006541   |b BOOK   |c Red Spot   |e Default branch 
999 |a 0000007124   |b BOOK   |c Red Spot   |e Default branch 
999 |a 0000007171   |b BOOK   |c Red Spot   |e Default branch 
999 |a 0000007172   |b BOOK   |c Red Spot   |e Default branch